[Event "ESP-chT Rapid"]
[Site "Ubeda"]
[Date "2023.09.23"]
[Round "2.8"]
[White "De Prada Quintana, Susana"]
[Black "Lizuain Toni, Javier"]
[Result "0-1"]
[WhiteElo "1330"]
[BlackElo "2065"]
[PlyCount "70"]
[EventDate "2023.09.23"]
[EventType "team-swiss (rapid)"]
[EventRounds "9"]
[EventCountry "ESP"]
[SourceTitle "EXT 2024"]
[Source "ChessBase"]
[SourceDate "2023.10.10"]
[SourceVersion "1"]
[SourceVersionDate "2023.10.10"]
[SourceQuality "1"]
[WhiteTeam "Albatros II"]
[BlackTeam "San Juan"]
[WhiteTeamCountry "ESP"]
[BlackTeamCountry "ESP"]

1. d4 d6 2. c4 e5 3. d5 f5 4. Nc3 Nf6 5. b3 g6 6. Bb2 Bg7 7. f3 e4 8. Qc2 0-0 9. fxe4 fxe4 10. 0-0-0 Ng4 11. Nxe4 Ne3 12. Qd2 Bxb2+ 13. Kxb2 Nxd1+ 14. Qxd1 Bf5 15. Nc3 Nd7 16. Nf3 Nc5 17. e3 a5 18. a4 Qe7 19. Qd4 Rae8 20. Be2 Qxe3 21. Qxe3 Rxe3 22. Rf1 Rfe8 23. h3 Rxe2+ 24. Nxe2 Rxe2+ 25. Kc3 Re3+ 26. Kd2 Rxb3 27. g4 Bd7 28. Ke2 Rb2+ 29. Ke3 Bxa4 30. Ng5 Bd7 31. Nf7 Rb3+ 32. Ke2 Rxh3 33. Ng5 Bxg4+ 34. Kd2 Rd3+ 35. Kc2 Bf5 0-1

[Event "ESP-chT Rapid"]
[Site "Toledo"]
[Date "2022.09.25"]
[Round "7"]
[White "Roque Sola, Jose Luis"]
[Black "Lizuain Toni, Javier"]
[Result "1-0"]
[WhiteElo "2217"]
[BlackElo "2070"]
[PlyCount "51"]
[EventDate "2022.09.24"]
[EventType "team-swiss (rapid)"]
[EventRounds "9"]
[EventCountry "ESP"]
[SourceTitle "CBM 210 Extra"]
[Source "ChessBase"]
[SourceDate "2022.11.30"]
[SourceVersion "1"]
[SourceVersionDate "2022.11.30"]
[SourceQuality "1"]
[WhiteTeam "Diagonal Alcorcon"]
[BlackTeam "San Juan"]
[WhiteTeamCountry "ESP"]
[BlackTeamCountry "ESP"]

1. e4 e5 2. Nf3 Nc6 3. Bb5 g6 4. 0-0 Bg7 5. c3 d6 6. h3 Nge7 7. d4 0-0 8. Be3 Bd7 9. dxe5 Nxe5 10. Bxd7 Nxf3+ 11. Qxf3 Qxd7 12. Nd2 Qc6 13. Bd4 Rad8 14. Rfe1 Rfe8 15. Nb3 f5 16. Bxg7 Kxg7 17. Nd4 Qd7 18. exf5 Nxf5 19. Nxf5+ gxf5 20. Qxb7 Rb8 21. Qxa7 Rxe1+ 22. Rxe1 Rxb2 23. Qd4+ Kg6 24. Re3 h6 25. Rg3+ Kh7 26. Qf6 1-0

[Event "Navarra-ch"]
[Site "Pamplona"]
[Date "2017.03.11"]
[Round "1"]
[White "Zaratiegui Cardesa, Jose"]
[Black "Lizuain Toni, Javier"]
[Result "0-1"]
[WhiteElo "1694"]
[BlackElo "1943"]
[PlyCount "68"]
[EventDate "2017.03.11"]
[EventType "swiss"]
[EventRounds "7"]
[EventCountry "ESP"]
[SourceTitle "EXT 2018"]
[Source "ChessBase"]
[SourceDate "2017.10.13"]
[SourceVersion "1"]
[SourceVersionDate "2017.10.13"]
[SourceQuality "1"]

1. c4 e5 2. Nc3 Bc5 3. g3 Nc6 4. e3 a6 5. Bg2 d6 6. Nge2 Ba7 7. 0-0 h5 8. d4 h4 9. Bxc6+ bxc6 10. dxe5 hxg3 11. fxg3 Qg5 12. Nd4 dxe5 13. Qf3 exd4 14. Qxc6+ Kd8 15. Nd5 Ne7 16. Nxe7 Qh5 17. Qg2 Kxe7 18. Re1 Be6 19. exd4 Bxd4+ 20. Be3 Bxe3+ 21. Rxe3 Qc5 22. Qe4 Rad8 23. Rf1 Rd6 24. Qf4 Kd7 25. b3 Rd2 26. h4 Rxa2 27. Rf2 Rxf2 28. Qxf2 g5 29. Qd2+ Kc8 30. Qc3 Re8 31. b4 Qf5 32. Qd4 gxh4 33. Qa7 Qb1+ 34. Kg2 h3+ 0-1

[Event "Navarra-chT"]
[Site "Navarra"]
[Date "2016.10.08"]
[Round "1.8"]
[White "Lizuain Toni, Javier"]
[Black "Elia Aldave, Inigo"]
[Result "1-0"]
[WhiteElo "1889"]
[BlackElo "1660"]
[PlyCount "103"]
[EventDate "2016.10.08"]
[EventType "team-tourn"]
[EventRounds "7"]
[EventCountry "ESP"]
[SourceTitle "CBM 175 Extra"]
[Source "ChessBase"]
[SourceDate "2016.12.12"]
[SourceVersion "1"]
[SourceVersionDate "2016.12.12"]
[SourceQuality "1"]
[WhiteTeam "San Juan"]
[BlackTeam "Paz de Ziganda"]
[WhiteTeamCountry "ESP"]
[BlackTeamCountry "ESP"]

1. e4 e6 2. d4 d5 3. Nc3 Nf6 4. e5 Nfd7 5. f4 c5 6. Nf3 Nc6 7. Be3 a6 8. Qd2 b5 9. dxc5 Bxc5 10. Bxc5 Nxc5 11. Nd4 Bb7 12. Nxc6 Bxc6 13. Qd4 Qe7 14. Be2 b4 15. Nd1 Bb5 16. Bxb5+ axb5 17. 0-0 Ne4 18. Nf2 Qc5 19. Rad1 Qxd4 20. Rxd4 Rxa2 21. Nxe4 dxe4 22. Rxb4 Kd7 23. Rxb5 Rc8 24. Rd1+ Ke8 25. c3 e3 26. g3 Rd8 27. Rxd8+ Kxd8 28. Kf1 Ra1+ 29. Ke2 Rh1 30. Kxe3 Rxh2 31. Rb7 f6 32. Rxg7 fxe5 33. fxe5 h5 34. Rb7 Kc8 35. Rb4 Kd7 36. Rd4+ Ke7 37. b4 Rc2 38. Rd3 Rc1 39. Kd4 Rg1 40. Kc5 Re1 41. Kd4 Rg1 42. c4 h4 43. gxh4 Rg4+ 44. Kc5 Re4 45. b5 Rxe5+ 46. Kc6 Re4 47. c5 Rxh4 48. b6 Rh8 49. Kc7 Rh5 50. c6 Kf6 51. b7 Rh7+ 52. Rd7 1-0

[Event "Navarra-ch"]
[Site "Pamplona"]
[Date "2016.04.09"]
[Round "4"]
[White "Lizuain Toni, Javier"]
[Black "Anguas Fanlo, Sergio"]
[Result "1/2-1/2"]
[WhiteElo "1840"]
[BlackElo "2027"]
[PlyCount "136"]
[EventDate "2016.03.05"]
[EventType "swiss"]
[EventRounds "8"]
[EventCountry "ESP"]
[SourceTitle "EXT 2018"]
[Source "ChessBase"]
[SourceDate "2017.10.13"]
[SourceVersion "1"]
[SourceVersionDate "2017.10.13"]
[SourceQuality "1"]

1. e4 b6 2. d4 Bb7 3. Nc3 e6 4. f4 Nf6 5. e5 Ne4 6. Nxe4 Bxe4 7. Nf3 c5 8. Bd3 d5 9. dxc5 Bxd3 10. Qxd3 Bxc5 11. Be3 Nd7 12. 0-0 Qc7 13. c3 Bxe3+ 14. Qxe3 Nc5 15. Nd4 0-0 16. Nb5 Qc6 17. Nd6 Nb7 18. Nxb7 Qxb7 19. f5 exf5 20. Rxf5 Qe7 21. Rd1 Qe6 22. Rf2 Rad8 23. Qg3 Rfe8 24. Rdf1 Rd7 25. Re2 d4 26. cxd4 Rxd4 27. Qa3 a5 28. Rfe1 Red8 29. b3 Rd2 30. Qc1 Rxe2 31. Rxe2 Qd5 32. Qe3 Qe6 33. Rd2 Rxd2 34. Qxd2 Qe7 35. Qd4 Qc7 36. Qd5 h6 37. a4 Kf8 38. Kf2 Ke7 39. Ke3 g5 40. h3 h5 41. Ke4 Qc2+ 42. Ke3 Qc3+ 43. Ke4 Qc2+ 44. Ke3 Qc7 45. Ke4 Qc2+ 46. Ke3 Qc1+ 47. Kf2 Qc5+ 48. Qxc5+ bxc5 49. Ke3 Ke6 50. Ke4 h4 51. Kd3 Kxe5 52. Kc4 f5 53. Kxc5 g4 54. b4 axb4 55. Kxb4 gxh3 56. gxh3 f4 57. a5 f3 58. a6 f2 59. a7 f1Q 60. a8Q Qxh3 61. Qb8+ Kf6 62. Qd8+ Ke5 63. Qe7+ Kf4 64. Qf6+ Kg3 65. Qe5+ Kg2 66. Qe2+ Kg3 67. Qe3+ Kg4 68. Qe6+ Kg3 1/2-1/2

[Event "Euskadi-chT (Vasca) Div 1st"]
[Site "Bergara"]
[Date "2014.03.08"]
[Round "9.4"]
[White "Lizuain Toni, Javier"]
[Black "Blanco Sisniega, Jonas"]
[Result "1/2-1/2"]
[WhiteElo "1523"]
[BlackElo "1793"]
[PlyCount "66"]
[EventDate "2014.01.11"]
[EventType "team-tourn"]
[EventRounds "9"]
[EventCountry "ESP"]
[SourceTitle "EXT 2024"]
[Source "ChessBase"]
[SourceDate "2023.10.10"]
[SourceVersion "1"]
[SourceVersionDate "2023.10.10"]
[SourceQuality "1"]

1. e4 c5 2. Nf3 d6 3. d4 cxd4 4. Nxd4 Nf6 5. Nc3 a6 6. Bd3 e5 7. Nb3 Be7 8. 0-0 0-0 9. f4 Nbd7 10. a4 Qc7 11. Qe1 exf4 12. Bxf4 Ne5 13. Kh1 Be6 14. Nd2 Rac8 15. Nf3 Nh5 16. Be3 Nc4 17. Bc1 Nf6 18. b3 Ne5 19. Bb2 Nfd7 20. Rc1 Bf6 21. Be2 Nxf3 22. Rxf3 Ne5 23. Rf1 Qc6 24. Qg3 Ng6 25. Rf3 Be5 26. Qf2 Bg4 27. Rd3 Bxe2 28. Qxe2 Nf4 29. Qd2 Nxd3 30. cxd3 Bxc3 31. Bxc3 Qd7 32. h3 d5 33. Bxg7 Rxc1+ 1/2-1/2

[Event "Huarte Puente Foral op 8th"]
[Site "Huarte"]
[Date "2013.12.08"]
[Round "7"]
[White "Lizuain Toni, Javier"]
[Black "Peteiro Osta, Luis Angel"]
[Result "0-1"]
[WhiteElo "1516"]
[BlackElo "1920"]
[PlyCount "54"]
[EventDate "2013.12.03"]
[EventType "swiss"]
[EventRounds "7"]
[EventCountry "ESP"]
[SourceTitle "EXT 2016"]
[Source "ChessBase"]
[SourceDate "2015.10.08"]
[SourceVersion "1"]
[SourceVersionDate "2015.10.08"]
[SourceQuality "1"]

1. e4 e5 2. Nf3 Nc6 3. d4 exd4 4. Nxd4 Bb4+ 5. c3 Bc5 6. Nf3 Nge7 7. Bc4 0-0 8. 0-0 d6 9. b4 Bb6 10. Qb3 Ng6 11. h3 Nge5 12. Nxe5 Nxe5 13. Be2 Be6 14. Qc2 a5 15. Bb2 Nc4 16. Bxc4 Bxc4 17. Rd1 Qg5 18. Nd2 Be6 19. Nf3 Qg6 20. Kh2 d5 21. Re1 dxe4 22. Nd4 Bd7 23. Qxe4 Qd6+ 24. Kg1 axb4 25. Red1 bxc3 26. Bxc3 Qg6 27. Qxb7 Bxd4 0-1